| 000 | 00637nam a22002057a 4500 | ||
|---|---|---|---|
| 999 |
_c13151 _d13151 |
||
| 003 | AR-CdUCM | ||
| 008 | 190411b ||||| |||| 00| 0 spa d | ||
| 040 |
_aMUNICIPALIDAD PROVINCIAL DEL CUSCO _cBIBLIOTECA MUNICIPAL DEL CUSCO |
||
| 082 |
_a343.5 / _bJ92 / 1966 |
||
| 110 |
_aJurado nacional de elecciones _931366 |
||
| 245 |
_aLegislacion electoral del Perú : _banotada y concordada / |
||
| 260 |
_aLima : _c1966. |
||
| 300 |
_a255 páginas ; _c16 cm. |
||
| 505 | _aContenido: JNE. | ||
| 650 |
_aJNE _931367 |
||
| 650 |
_aElecciones _91677 |
||
| 650 |
_aPerú elecciones _931368 |
||
| 942 |
_2ddc _cLIBROS |
||
| 945 |
_adavv _d11/04/2019 |
||